000 00366 a2200169 4500
001 156406
020 _a8535706658
040 _cEscola São Tomás de Aquino
100 _aAZEVEDO, Alexandre
240 1 0 _aMãe- canguru
_lpor
245 1 0 _aMãe- canguru
300 _a16
362 0 _a2006
440 1 _aAtual
697 _a*LITERATURA INFANTIL
942 _cBK
999 _c156406
_d156406